000 03520namaa22004331i 4500
003 EG-GICUC
005 20260416111940.0
008 260404b2025 ua a|||frm||| 000 0 eng d
040 _aEG-GICUC
_beng
_cEG-GICUC
_dEG-GICUC
_erda
041 0 _aeng
_beng
_bara
049 _aDeposit
082 0 4 _a629.1
092 _a629.1
_221
097 _aM.Sc
099 _aCai01.13.01.M.Sc.2025.Am.N
100 0 _aAmr Emad Ezzat Saad,
_epreparation.
245 1 0 _aNumerical aerodynamic investigation of hovering insect at low reynolds number /
_cby Amr Emad Ezzat Saad ; Supervisors Prof. Mohamed Madbouli Abdel Rahman, Prof. Amr Gamal Guaily.
_bRemainder of title /
246 1 5 _aدراسة رقمية للديناميكا الهوائية لحشرة تحوم بمعامل رينولدز منخفض
264 0 _c2025.
300 _a99 pages :
_billustrations ;
_c30 cm. +
_eCD.
336 _atext
_2rda content
337 _aUnmediated
_2rdamedia
338 _avolume
_2rdacarrier
502 _aThesis (M.Sc)-Cairo University, 2025.
504 _aBibliography: pages 92-99.
520 3 _aThis thesis uses numerical simulations to investigate the aerodynamic perfor- mance of hovering insects at low Reynolds numbers. The study employs the overset grid method in OpenFOAM to analyze key lift mechanisms, including leading-edge vortex dynamics and rotational effects. By comparing different wing kinematics and examining wing-body interactions, the research iden- tifies symmetric wing rotation as optimal for lift generation, with minimal influence from body interactions. The findings offer valuable insights for the design of bio-inspired Micro-Air Vehicles (MAVs) and suggest directions for future research in unsteady aerodynamics.
520 3 _aتستخدم هذه الرسالة المحاكاة العددية المتقدمة لدراسة الأداء الديناميكي الهوائي للحشرات المحلقة عند أرقام رينولدز المنخفضة. تعتمد الدراسة على طريقة الشبكة المتداخلة في برنامج Open FOAM لتحليل آليات الرفع الرئيسية، مثل ديناميكا دوامة الحافة الأمامية وتأثيرات الدوران. يحدد البحث أن الدوران المتماثل للجناح هو الأنسب لتوليد الرفع، مع تأثير محدود لتفاعلات الجسم. تقدم النتائج رؤى قيمة لتصميم المركبات الجوية الصغيرة المستوحاة بيولوجيا (MAVs) وتوجه البحث المستقبلي في الديناميكا الهوائية غير المستقرة.
530 _aIssues also as CD.
546 _aText in English and abstract in Arabic & English.
650 0 _aAerospace Engineering
650 0 _aهندسة الطيران والفضاء
653 1 _aHovering Insect
_aUnsteady Aerodynamics
_aNumerical Simulation
_aComputa- tional Fluid Dynamics
_aDynamics of Flapping Wing
_aحشرة تحوم
_aديناميكا الهواء الغير مستقرة
700 0 _aMohamed Madbouli Abdel Rahman
_ethesis advisor.
700 0 _aAmr Gamal Guaily
_ethesis advisor.
900 _b01-01-2025.
_cMohamed Madbouli Abdel Rahman
_cAmr Gamal Guaily
_dMohamed Madbouli AbdelRahman
_dGamal Mahmoud Sayed El-Bayoumi
_UCairo University
_FFaculty of Engineering
_DDepartment of Aerospace Engineering
905 _aShimaa
_eEman Ghareb
942 _2ddc
_cTH
_e21
_n0
999 _c179168